书目信息 |
| 题名: |
城市空间形态定量分析研究
|
|
| 作者: | 储金龙 著 | |
| 分册: | ||
| 出版信息: | 南京 东南大学出版社 2007 |
|
| 页数: | 171页 | |
| 开本: | 24cm | |
| 丛书名: | 城市与区域规划研究丛书 | |
| 单 册: | ||
| 中图分类: | TU984.254.1 | |
| 科图分类: | ||
| 主题词: | 地理信息系统--di li xin xi xi tong--应用--城市空间--定量分析--研究--合肥市 | |
| 电子资源: | ||
| ISBN: | 978-7-5641-0815-1 | |
| 000 | 01279nam 2200265 450 | |
| 001 | 357288 | |
| 005 | 20071023164023.0 | |
| 010 | @a978-7-5641-0815-1@dCNY30.00 | |
| 100 | @a20070327d2007 em y0chiy50 ea | |
| 101 | 1 | @achi |
| 102 | @aCN@b320000 | |
| 105 | @aa z 000yy | |
| 106 | @ar | |
| 200 | 1 | @a城市空间形态定量分析研究@Acheng shi kong jian xing tai ding liang fen xi yan jiu@d= Quantitative analysis on urban spatial morphology@f储金龙著@zeng |
| 210 | @a南京@c东南大学出版社@d2007 | |
| 215 | @a171页@c图@d24cm | |
| 225 | 2 | @a城市与区域规划研究丛书@Acheng shi yu qu yu gui hua yan jiu cong shu |
| 330 | @a本书基于GIS数据平台,以空间分析为主要手段,构建基于GIS的城市空间形态定量分析方法框架;并以合肥市为实证区域,通过对城市空间扩展、城市空间梯度演化、功能空间演替等的定量分析,揭示城市空间形态演变的基本规律;分析可持续城市空间形态的概念与内涵、关键要素和架构准则,并对城市空间形态的可持续发展提出优化调控对策。 | |
| 410 | 0 | @12001 @a城市与区域规划研究丛书 |
| 510 | 1 | @aQuantitative analysis on urban spatial morphology@zeng |
| 606 | 0 | @a地理信息系统@Adi li xin xi xi tong@x应用@x城市空间@x定量分析@x研究@x合肥市 |
| 690 | @aTU984.254.1@v4 | |
| 701 | 0 | @a储金龙@Achu jin long@f1964- @4著 |
| 801 | 0 | @aCN@b@c20070327 |
| 905 | @b674032-4@dTU984.254.1@eC886@f3 | |
| 城市空间形态定量分析研究= Quantitative analysis on urban spatial morphology/储金龙著.-南京:东南大学出版社,2007 |
| 171页:图;24cm.-(城市与区域规划研究丛书) |
| ISBN 978-7-5641-0815-1:CNY30.00 |
| 本书基于GIS数据平台,以空间分析为主要手段,构建基于GIS的城市空间形态定量分析方法框架;并以合肥市为实证区域,通过对城市空间扩展、城市空间梯度演化、功能空间演替等的定量分析,揭示城市空间形态演变的基本规律;分析可持续城市空间形态的概念与内涵、关键要素和架构准则,并对城市空间形态的可持续发展提出优化调控对策。 |
| ● |
| 相关链接 |
|
|
|
正题名:城市空间形态定量分析研究
索取号:TU984.254.1/C886
 
预约/预借
| 序号 | 登录号 | 条形码 | 馆藏地/架位号 | 状态 | 备注 |
| 1 | 674032 | 206740320 | 建筑库201/201建筑库 96排1列5层/ [索取号:TU984.254.1/C886] | 在馆 | |
| 2 | 674033 | 206740339 | 建筑与城市规划学院资料室/101建筑库 89排1列4层/ [索取号:TU984.254.1/C886] | 在馆 | |
| 3 | 674034 | 206740348 | 建筑库201/201建筑库 96排1列5层/ [索取号:TU984.254.1/C886] | 在馆 |